Alle Länder der Welt (mit Karte) - Statistiken

Allgemein
  • Dieses Quiz wurde 2.330 mal gespielt
  • Das Durchschnittsergebnis liegt bei 117 aus 193
Antworten auf der Karte
Die Antworten werden auf der Karte rot bzw. grün angezeigt, abhängig davon wie oft sie richtig erraten wurden.
 
Antwortstatistiken
Antwort % Korrekt
Kanada
93%
Deutschland
92%
USA
92%
Frankreich
91%
Mexiko
90%
Russland
90%
Spanien
90%
Dänemark
89%
Italien
89%
Polen
89%
Portugal
89%
Schweden
89%
Brasilien
88%
Grossbritannien
88%
Niederlande
88%
Norwegen
88%
Österreich
88%
Schweiz
88%
Belgien
87%
China
87%
Finnland
87%
Irland
87%
Ukraine
87%
Argentinien
86%
Chile
86%
Island
86%
Australien
85%
Belarus
85%
Griechenland
85%
Kroatien
85%
Tschechien
85%
Türkei
85%
Albanien
84%
Japan
84%
Lettland
84%
Indien
83%
Estland
82%
Ägypten
81%
Litauen
81%
Demokratische Volksrepublik Korea
80%
Republik Korea
80%
Slowenien
80%
Südafrika
80%
Iran
79%
Slowakei
79%
Ungarn
79%
Bosnien und Herzegowina
78%
Luxemburg
78%
Marokko
78%
Rumänien
78%
Irak
77%
Kolumbien
77%
Serbien
77%
Israel
76%
Neuseeland
76%
Niger
76%
Peru
76%
Bulgarien
75%
Mongolei
75%
Kasachstan
74%
Madagaskar
74%
Saudi-Arabien
74%
Thailand
74%
Demokratische Republik Kongo
72%
Indonesien
72%
Nordmazedonien
72%
Uruguay
72%
Bolivien
71%
Panama
71%
Republik Kongo
71%
Venezuela
71%
Algerien
70%
Afghanistan
69%
Kuba
69%
Nigeria
69%
Moldau
68%
Pakistan
68%
Zypern
68%
Liechtenstein
67%
Vietnam
67%
Malta
66%
Paraguay
66%
Ecuador
65%
Syrien
65%
Montenegro
64%
Philippinen
64%
Tunesien
64%
Andorra
63%
Oman
63%
Vereinigte Arabische Emirate
63%
Jemen
62%
Nepal
62%
Sudan
62%
Jamaika
61%
Georgien
60%
Usbekistan
60%
Ghana
59%
Katar
59%
Sri Lanka
59%
Armenien
58%
Bangladesch
58%
Haiti
58%
Honduras
58%
Costa Rica
57%
Dominikanische Republik
57%
Elfenbeinküste
57%
Südsudan
57%
Aserbaidschan
56%
San Marino
56%
Papua-Neuguinea
55%
Somalia
55%
Turkmenistan
55%
Jordanien
54%
Kenia
54%
Kirgistan
54%
Malaysia
54%
Mali
54%
Monaco
54%
Laos
53%
Libyen
53%
Namibia
53%
Senegal
53%
El Salvador
52%
Guatemala
52%
Äthiopien
51%
Myanmar
51%
Bahamas
50%
Bhutan
50%
Guyana
50%
Kambodscha
50%
Libanon
50%
Nicaragua
50%
Togo
50%
Tschad
50%
Angola
49%
Guinea
49%
Tadschikistan
49%
Belize
47%
Malediven
47%
Suriname
47%
Kamerun
46%
Lesotho
46%
Tansania
45%
Uganda
45%
Zentralafrikanische Republik
45%
Mauretanien
44%
Singapur
44%
Eritrea
43%
Eswatini
42%
Fidschi
42%
Kuwait
42%
Botswana
41%
Mosambik
41%
Seychellen
41%
Bahrain
40%
Ruanda
40%
Simbabwe
40%
Äquatorialguinea
39%
Benin
39%
Kap Verde
39%
Sambia
39%
Gabun
37%
Gambia
37%
Burkina Faso
36%
Guinea-Bissau
36%
Mauritius
36%
Mikronesien
36%
St. Lucia
36%
Malawi
35%
Dschibuti
34%
Barbados
33%
Burundi
33%
Osttimor
33%
Sierra Leone
33%
Trinidad und Tobago
33%
Brunei
32%
Dominica
31%
Palau
31%
St. Vincent und die Grenadinen
31%
Komoren
30%
Liberia
30%
São Tomé und Príncipe
29%
St. Kitts und Nevis
29%
Tuvalu
29%
Tonga
28%
Antigua und Barbuda
27%
Grenada
27%
Kiribati
27%
Marshallinseln
27%
Nauru
26%
Samoa
25%
Vanuatu
25%
Salomonen
24%
Keine übereinstimmenden Quizze gefunden
Verteilung der Resultate
Anzahl Personen mit jedem Resultat
Perzentil nach korrekt beantworteten Fragen
Ihre Resultats-Entwicklung
Sie haben dieses Quiz noch nicht gespielt